| 000 | 00444nam a22001337a 4500 | ||
|---|---|---|---|
| 082 | _a343.5491 ALI | ||
| 100 | _aAli, Hamid | ||
| 245 |
_aAudit Manual with Forms: _bApplicable to the Federal Civil Servants with Model Question & Answers / _cHamid Ali & Zaka Ali |
||
| 260 |
_aKarachi : _bThe Ideal Publishers, _c2019. |
||
| 300 |
_a174 p. ; _c24 cm. |
||
| 942 |
_2ddc _cBK |
||
| 999 |
_c587140 _d587140 |
||